SUSTAINABLE INNOVATION AND IMPACT (Record no. 31616)

MARC details
000 -LEADER
fixed length control field 00340nam a2200133Ia 4500
008 - FIXED-LENGTH DATA ELEMENTS--GENERAL INFORMATION
fixed length control field 240624s9999 xx 000 0 und d
041 ## - LANGUAGE CODE
Language code of text/sound track or separate title eng
082 ## - DEWEY DECIMAL CLASSIFICATION NUMBER
Classification number 658.408 KRO
100 ## - MAIN ENTRY--PERSONAL NAME
Personal name KROSINSKY CARY
245 ## - TITLE STATEMENT
Title SUSTAINABLE INNOVATION AND IMPACT
260 ## - PUBLICATION, DISTRIBUTION, ETC.
Date of publication, distribution, etc. 2018
Place of publication, distribution, etc. New York
Name of publisher, distributor, etc. Routledge
300 ## - PHYSICAL DESCRIPTION
Extent xvi, 302 p.; 23 cm.
365 ## - TRADE PRICE
Currency code BPS
Price amount 35
Holdings
Withdrawn status Lost status Damaged status Not for loan Home library Current library Shelving location Date acquired Full call number Barcode Date last seen Copy number Price effective from Koha item type
        IMTN IMTN Rack 31-B 04/24/2019 658.408 KRO 31616 06/24/2024 95.6 06/24/2024 Books
Designed & Maintained by: LRC IMT Nagpur Contact: lrc@imtnag.ac.in© 2024. All Rights Reserved.